Can You Name All The Legendary Brawlers In Brawl Stars? - Statistics

General Stats
  • This quiz has been taken 8 times
  • The average score is 10 of 13
Answer Stats
Answer % Correct
Amber
100%
Chester
100%
Crow
100%
Leon
100%
Meg
100%
Sandy
100%
Kenji
80%
Spike
80%
Surge
80%
Draco
60%
Kit
60%
Pierce
40%
Cordelius
20%
No matching quizzes found
Score Distribution
Percent of People with Each Score
Percentile by Number Answered
Your Score History
You have not taken this quiz